The merchant of Venice (Record no. 50999)

MARC details
000 -LEADER
fixed length control field 00749nam a2200205 a 4500
008 - FIXED-LENGTH DATA ELEMENTS--GENERAL INFORMATION
fixed length control field 210212s1957 ||||||||||||||||| || u
020 ## - INTERNATIONAL STANDARD BOOK NUMBER
International Standard Book Number 0671491784
050 ## - LIBRARY OF CONGRESS CALL NUMBER
Classification number PR 2825. A2S53
100 ## - MAIN ENTRY--PERSONAL NAME
Personal name Shakespeare, William
245 14 - TITLE STATEMENT
Title The merchant of Venice
Statement of responsibility, etc. By William Shakespeare
260 ## - PUBLICATION, DISTRIBUTION, ETC.
Place of publication, distribution, etc. New York
Name of publisher, distributor, etc. Washington Square Press
Date of publication, distribution, etc. 1957
300 ## - PHYSICAL DESCRIPTION
Extent xxxvii, 94 pages : illustrations
650 ## - SUBJECT ADDED ENTRY--TOPICAL TERM
Topical term or geographic name entry element SKAKESPEARE, WILLIAM, 1564 - 1616
650 ## - SUBJECT ADDED ENTRY--TOPICAL TERM
Topical term or geographic name entry element JEWS
650 ## - SUBJECT ADDED ENTRY--TOPICAL TERM
Topical term or geographic name entry element SHYLOCK (FICTITIOUS CHARACTER)
650 ## - SUBJECT ADDED ENTRY--TOPICAL TERM
Topical term or geographic name entry element ENGLISH DRAMA
650 ## - SUBJECT ADDED ENTRY--TOPICAL TERM
Topical term or geographic name entry element ITALY--VENICE
650 ## - SUBJECT ADDED ENTRY--TOPICAL TERM
Topical term or geographic name entry element MONEY LENDERS
995 ## - RECOMMENDATION 995 [LOCAL, UNIMARC FRANCE]
-- 96.39
-- CBU-MAIN LIBRARY (Kitwe)
-- 1
-- AVAILABLE
-- Feb 18, 2021
-- Annex Low-Usage Collection
Holdings
Withdrawn status Lost status Source of classification or shelving scheme Damaged status Not for loan Home library Current library Shelving location Date acquired Total Checkouts Full call number Barcode Date last seen Price effective from Koha item type
          CBU-MAIN LIBRARY, KITWE. CBU-MAIN LIBRARY, KITWE.   11/30/2022   PR 2825. A2S53 750719 11/30/2022 11/30/2022 MONOGRAPH